000 02005nam a2200553 i 4500
001 39060
003 KOSZ 005
005 20240405063125.0
008 990511s1999 pl a |000 0 pol
015 _aUWD 1999/7928
020 _a8372410143
035 _a991010048379705066
035 _a(PL-WaBN)b12741024-48omnis_nlop
035 _ab12741024
035 _a(OCoLC)830208500
035 _azz2006995219
035 _a(PL)b0000001274102
035 _a(EXLNZ-48OMNIS_NETWORK)9910434575905606
040 _aWA N
_cWA N
_dWA N
_dKOSZ 005/HR
041 0 _apol
_beng
046 _k1999
080 _a336.763(438)
100 1 _aTarczyński, Waldemar
_d(1960- )
_eAutor
245 1 0 _aFundamentalny portfel papierów wartościowych :
_bmetodologia, zastosowania /
_cWaldemar Tarczyński.
260 _aSzczecin :
_bWydawnictwo Naukowe US,
_c1999.
300 _a220 s. :
_bwykr. ;
_c24 cm.
336 _aTekst
_btxt
_2rdacontent
337 _aBez urządzenia pośredniczącego
_bn
_2rdamedia
338 _aWolumin
_bnc
_2rdacarrier
380 _aKsiążki
388 _a1901-2000
388 _a1989-2000
490 1 _aRozprawy i Studia / Uniwersytet Szczeciński,
_x0860-2751 ;
_vt. 309
500 _aNa s. tyt. także t. 383 oznaczający nr kolejny serii Rozprawy i Studia do nru 74 wydawanej przez WSP w Szczecinie.
504 _aBibliogr. s. 209-213.
546 _aStreszcz. ang.
648 7 _a1901-2000
648 7 _a1989-2000
650 7 _aMetody badawcze
_2DBN
650 7 _aPapiery wartościowe
_2DBN
650 7 _aRynek kapitałowy
_2DBN
651 _aPolska
658 _aGospodarka, ekonomia, finanse
710 2 _aWydawnictwo Naukowe Uniwersytetu Szczecińskiego
_4pbl
830 0 _aRozprawy i Studia - Uniwersytet Szczeciński
_vt. 309
856 _uhttp://koha.tu.koszalin.pl/cgi-bin/koha/opac-detail.pl?biblionumber=39060
_yKatalog online BPK
942 _2UKD
_cKS
999 _c39060
_d39060